<?xml version="1.0" encoding="UTF-8"?>
<record
    xmlns:xsi="http://www.w3.org/2001/XMLSchema-instance"
    xsi:schemaLocation="http://www.loc.gov/MARC21/slim http://www.loc.gov/standards/marcxml/schema/MARC21slim.xsd"
    xmlns="http://www.loc.gov/MARC21/slim">

  <leader>01173nam a22002777a 4500</leader>
  <controlfield tag="005">20170608020001.0</controlfield>
  <controlfield tag="008">170303b2016    ck ao||| ||||a00| 0 spa d</controlfield>
  <datafield tag="020" ind1=" " ind2=" ">
    <subfield code="a">9789588889931</subfield>
  </datafield>
  <datafield tag="020" ind1=" " ind2=" ">
    <subfield code="a">9789588889924</subfield>
  </datafield>
  <datafield tag="040" ind1=" " ind2=" ">
    <subfield code="a">CO-BoIAVH </subfield>
    <subfield code="c">CO-BoIAVH </subfield>
  </datafield>
  <datafield tag="041" ind1=" " ind2=" ">
    <subfield code="a">spa</subfield>
  </datafield>
  <datafield tag="044" ind1=" " ind2=" ">
    <subfield code="a">ck</subfield>
  </datafield>
  <datafield tag="082" ind1=" " ind2=" ">
    <subfield code="a">333.91815</subfield>
    <subfield code="b">C51p</subfield>
  </datafield>
  <datafield tag="100" ind1="1" ind2=" ">
    <subfield code="a">Chaves, Mar&#xED;a Elfi</subfield>
    <subfield code="e">autora</subfield>
  </datafield>
  <datafield tag="245" ind1="1" ind2="0">
    <subfield code="a">P&#xE1;ramos y  humedales:</subfield>
    <subfield code="b">construcci&#xF3;n de insumos t&#xE9;cnicos para la gesti&#xF3;n integral del territorio y la adaptaci&#xF3;n al cambio clim&#xE1;tico en ecosistemas estrat&#xE9;gicos</subfield>
  </datafield>
  <datafield tag="260" ind1=" " ind2=" ">
    <subfield code="a">Bogot&#xE1;:</subfield>
    <subfield code="b">Instituto de Invesdigaci&#xF3;n de Recursos Biol&#xF3;gicos Alexander von Humboldt,</subfield>
    <subfield code="c">2016.</subfield>
  </datafield>
  <datafield tag="300" ind1=" " ind2=" ">
    <subfield code="a">216 p&#xE1;ginas + </subfield>
    <subfield code="b">ilustraciones, tablas a color, tablas, gr&#xE1;ficas y mapas</subfield>
    <subfield code="c">21.59 x 27.94 cms</subfield>
    <subfield code="e">1 CD- Rom y</subfield>
  </datafield>
  <datafield tag="500" ind1=" " ind2=" ">
    <subfield code="a">Producto generado en el marco del Proyecto Fondo Adaptaci&#xF3;n</subfield>
  </datafield>
  <datafield tag="610" ind1=" " ind2=" ">
    <subfield code="a">Fondo Adaptaci&#xF3;n</subfield>
  </datafield>
  <datafield tag="650" ind1=" " ind2="0">
    <subfield code="a">P&#xE1;ramos</subfield>
    <subfield code="z">Colombia</subfield>
  </datafield>
  <datafield tag="650" ind1=" " ind2="0">
    <subfield code="a">Humedales</subfield>
    <subfield code="z">Colombia</subfield>
  </datafield>
  <datafield tag="700" ind1="1" ind2=" ">
    <subfield code="a">Santamar&#xED;a, Marcela</subfield>
    <subfield code="e">autora</subfield>
  </datafield>
  <datafield tag="700" ind1="1" ind2=" ">
    <subfield code="a">S&#xE1;nchez, Enrique</subfield>
    <subfield code="e">autor</subfield>
  </datafield>
  <datafield tag="700" ind1="1" ind2=" ">
    <subfield code="a">Sarmiento-Pinz&#xF3;n, Carlos Enrique</subfield>
    <subfield code="e">autor</subfield>
    <subfield code="e">editor</subfield>
  </datafield>
  <datafield tag="942" ind1=" " ind2=" ">
    <subfield code="2">ddc</subfield>
    <subfield code="c">LIBRO</subfield>
    <subfield code="0">3</subfield>
  </datafield>
  <datafield tag="999" ind1=" " ind2=" ">
    <subfield code="c">19375</subfield>
    <subfield code="d">19375</subfield>
  </datafield>
  <datafield tag="952" ind1=" " ind2=" ">
    <subfield code="0">0</subfield>
    <subfield code="1">0</subfield>
    <subfield code="2">ddc</subfield>
    <subfield code="4">0</subfield>
    <subfield code="7">0</subfield>
    <subfield code="8">HUMBOLDT</subfield>
    <subfield code="I">INV2017</subfield>
    <subfield code="a">Bogota</subfield>
    <subfield code="b">Bogota</subfield>
    <subfield code="d">2017-03-03</subfield>
    <subfield code="e">Instituto</subfield>
    <subfield code="g">39000.00</subfield>
    <subfield code="l">5</subfield>
    <subfield code="o">IAVH-333.91815 C51p</subfield>
    <subfield code="p">042569</subfield>
    <subfield code="r">2019-08-20 00:00:00</subfield>
    <subfield code="s">2019-08-20</subfield>
    <subfield code="t">Ej. 1</subfield>
    <subfield code="w">2017-03-03</subfield>
    <subfield code="x">Institucional</subfield>
    <subfield code="y">LIBRO</subfield>
    <subfield code="z">Incluye el DVD 042570</subfield>
  </datafield>
  <datafield tag="952" ind1=" " ind2=" ">
    <subfield code="0">0</subfield>
    <subfield code="1">0</subfield>
    <subfield code="2">z</subfield>
    <subfield code="4">0</subfield>
    <subfield code="7">0</subfield>
    <subfield code="8">HUMBOLDT</subfield>
    <subfield code="a">Bogota</subfield>
    <subfield code="b">Bogota</subfield>
    <subfield code="d">2017-03-03</subfield>
    <subfield code="l">0</subfield>
    <subfield code="p">042570</subfield>
    <subfield code="r">2017-03-03 00:00:00</subfield>
    <subfield code="t">Ej. 1 DVD</subfield>
    <subfield code="w">2017-03-03</subfield>
    <subfield code="x">Institucional</subfield>
    <subfield code="y">DVD</subfield>
  </datafield>
  <datafield tag="952" ind1=" " ind2=" ">
    <subfield code="0">0</subfield>
    <subfield code="1">0</subfield>
    <subfield code="2">ddc</subfield>
    <subfield code="4">0</subfield>
    <subfield code="7">0</subfield>
    <subfield code="8">HUMBOLDT</subfield>
    <subfield code="I">INV2017</subfield>
    <subfield code="a">Bogota</subfield>
    <subfield code="b">Bogota</subfield>
    <subfield code="d">2017-03-03</subfield>
    <subfield code="e">Instituto</subfield>
    <subfield code="g">39000.00</subfield>
    <subfield code="l">0</subfield>
    <subfield code="o">IAVH-333.91815 C51p</subfield>
    <subfield code="p">042571</subfield>
    <subfield code="r">2017-03-03 00:00:00</subfield>
    <subfield code="t">Ej. 2</subfield>
    <subfield code="w">2017-03-03</subfield>
    <subfield code="x">Institucional</subfield>
    <subfield code="y">LIBRO</subfield>
    <subfield code="z">Incluye el DVD 042572</subfield>
  </datafield>
  <datafield tag="952" ind1=" " ind2=" ">
    <subfield code="0">0</subfield>
    <subfield code="1">0</subfield>
    <subfield code="2">z</subfield>
    <subfield code="4">0</subfield>
    <subfield code="7">0</subfield>
    <subfield code="8">HUMBOLDT</subfield>
    <subfield code="a">Bogota</subfield>
    <subfield code="b">Bogota</subfield>
    <subfield code="d">2017-03-03</subfield>
    <subfield code="l">0</subfield>
    <subfield code="p">042572</subfield>
    <subfield code="r">2017-03-03 00:00:00</subfield>
    <subfield code="t">Ej. 2 DVD</subfield>
    <subfield code="w">2017-03-03</subfield>
    <subfield code="x">Institucional</subfield>
    <subfield code="y">DVD</subfield>
  </datafield>
</record>
